[Event "Xtracon Chess Open 2019"]
[Site "Helsingor DEN"]
[Date "2019.07.23"]
[Round "5.116"]
[White "Rempe, Mieke"]
[Black "Zemlicka, Vit"]
[Result "0-1"]
[WhiteElo "1558"]
[BlackElo "1982"]
[WhiteFideId "16202384"]
[BlackFideId "303143"]
[EventDate "2019.07.20"]

1. e4 g6 2. d4 Bg7 3. Nf3 d6 4. h3 Nf6 5. Nc3 O-O 6. Be3 a6 7. Qd2 b5 8. h4 b4
9. Nd5 Nxe4 10. Qd3 Bf5 11. Qc4 c5 12. Bd3 Nc6 13. Bxe4 Bxe4 14. dxc5 Bxf3 15.
gxf3 Bxb2 16. Rb1 Bg7 17. h5 e6 18. Nf4 Ne5 19. Qe2 Qc7 20. hxg6 hxg6 21. Nd3
Nxd3+ 22. cxd3 Bc3+ 23. Bd2 Qxc5 24. Rc1 Qe5 25. Bxc3 Qxe2+ 26. Kxe2 bxc3 27.
Rxc3 Rfc8 28. Rhc1 Rxc3 29. Rxc3 Rb8 30. Ra3 Rb6 31. Rb3 Rxb3 32. axb3 Kf8 33.
Ke3 Ke7 34. Ke4 Kd7 35. Kd4 Kc6 36. Kc4 a5 37. d4 Kb6 38. f4 d5+ 39. Kc3 Kb5 40.
f3 f6 41. Kc2 Kb4 42. Kb2 a4 43. bxa4 Kxa4 44. Kc3 Ka3 45. Kc2 Kb4 46. Kd3 Kb3 0-1

[Event "Xtracon Chess Open 2019"]
[Site "Helsingor DEN"]
[Date "2019.07.23"]
[Round "5.117"]
[White "Knudsen, Ole"]
[Black "Nielsen, Jorgen Kamp"]
[Result "1-0"]
[WhiteElo "1969"]
[BlackElo "1711"]
[WhiteFideId "1410830"]
[BlackFideId "1413279"]
[EventDate "2019.07.20"]

1. e4 c6 2. d4 d5 3. exd5 cxd5 4. c4 Nf6 5. Nc3 Bf5 6. cxd5 Nxd5 7. Qb3 Nxc3 8.
bxc3 Qc7 9. Nf3 e6 10. Bb5+ Nc6 11. d5 exd5 12. Qxd5 Be6 13. Qe4 a6 14. Bd3 Ne7
15. O-O g6 16. Bf4 Qc6 17. Qd4 Rg8 18. Be4 Qc4 19. Bxb7 Rd8 20. Qxc4 Bxc4 21.
Rfd1 Nd5 22. Bc6+ Ke7 23. Re1+ Kf6 24. Bg5+ 1-0

[Event "Xtracon Chess Open 2019"]
[Site "Helsingor DEN"]
[Date "2019.07.23"]
[Round "5.119"]
[White "Valkama, Eero"]
[Black "Lye, Sigurd"]
[Result "1-0"]
[WhiteTitle "FM"]
[WhiteElo "2286"]
[BlackElo "1593"]
[WhiteFideId "507555"]
[BlackFideId "1539345"]
[EventDate "2019.07.20"]

1. e4 c5 2. Nf3 d6 3. c3 Nf6 4. Be2 Nc6 5. d3 e6 6. O-O Be7 7. Re1 O-O 8. Nbd2
Qc7 9. Nf1 a6 10. Ng3 b5 11. h3 d5 12. exd5 Nxd5 13. Bf1 Bb7 14. Bg5 f6 15. Bd2
e5 16. Nf5 Bc8 17. N3h4 Re8 18. Qf3 Nb6 19. Qg3 Bf8 20. d4 Kh8 21. dxe5 Nxe5 22.
Rad1 g5 23. f4 Bxf5 24. Nxf5 Ng6 25. fxg5 Qxg3 26. Nxg3 Rxe1 27. Rxe1 Rd8 28.
Bc1 fxg5 29. Bxg5 Rd5 30. Bc1 Bd6 31. Re8+ Kg7 32. Ne4 Rd1 33. Be3 Nc4 34. Nxd6
Nxe3 35. Rxe3 Rxd6 36. Kf2 Nf4 37. g3 Nd5 38. Rd3 Rf6+ 39. Ke2 Nb6 40. b3 c4 41.
Rd4 Rg6 42. g4 Rc6 43. Bg2 Rc7 44. Kd2 Rf7 45. Ke3 Rc7 46. Kd2 Rf7 47. Kc2 Rf2+
48. Rd2 cxb3+ 49. axb3 Rxd2+ 50. Kxd2 a5 51. Bc6 b4 52. c4 Nc8 53. c5 Kf6 54.
Kd3 Ke5 55. Kc4 h6 56. Bb7 Ne7 57. h4 Kf4 58. c6 a4 59. bxa4 b3 60. Kxb3 Nd5 61.
Kc4 Nc7 62. Bc8 Ke5 63. Kc5 Kf4 64. a5 Ke5 65. a6 Kf4 66. a7 Ke5 67. Bb7 Kf4 68.
a8=Q Nxa8 69. Bxa8 Kxg4 70. c7 Kxh4 71. c8=Q h5 72. Qg8 Kh3 73. Qg1 Kh4 74. Kd4
Kh3 75. Ke3 Kh4 76. Kf2 Kh3 77. Qg3# 1-0

[Event "Xtracon Chess Open 2019"]
[Site "Helsingor DEN"]
[Date "2019.07.23"]
[Round "5.120"]
[White "Markussen, Bernt Olav"]
[Black "Madsen, Michael B."]
[Result "1/2-1/2"]
[WhiteElo "1761"]
[BlackElo "2133"]
[WhiteFideId "1538845"]
[BlackFideId "1413031"]
[EventDate "2019.07.20"]

1. d4 d5 2. Bf4 Nf6 3. e3 c5 4. c3 Qb6 5. Qb3 c4 6. Qc2 Nc6 7. Nd2 g6 8. b3 Bf5
9. Qd1 cxb3 10. axb3 Bg7 11. Ngf3 Nh5 12. Be2 Nxf4 13. exf4 Rc8 14. Rc1 Qc7 15.
Bb5 Qxf4 16. O-O O-O 17. Re1 Qc7 18. Bxc6 bxc6 19. b4 Rfe8 20. Nb3 f6 21. Ra1 e5
22. Nc5 e4 23. Nd2 Bf8 24. Ra6 Bd6 25. Nf1 Bxc5 26. bxc5 Re7 27. Qa4 Qb7 28. Ra1
Rcc7 29. Ra3 Bc8 30. Ra5 Qb1 31. Ra1 Qd3 32. Qa3 f5 33. Qc1 Kg7 34. R1a2 Rb7 35.
Ra1 h6 36. h4 Rf7 37. Qe3 Qc2 38. R5a2 Rb2 39. Rxa7 Bd7 40. Qf4 Qxc3 41. Qe5+
Kh7 42. Ra8 Rg7 43. Rd1 Qb3 44. Rc1 Qd3 45. Ne3 Qe2 46. Rf1 Qh5 1/2-1/2

[Event "Xtracon Chess Open 2019"]
[Site "Helsingor DEN"]
[Date "2019.07.23"]
[Round "5.121"]
[White "Guindy, Esmat Susanne"]
[Black "Rasmussen, Henning2"]
[Result "1-0"]
[WhiteTitle "WFM"]
[WhiteElo "2132"]
[BlackElo "1757"]
[WhiteFideId "1401637"]
[BlackFideId "1410962"]
[EventDate "2019.07.20"]

1. d4 d5 2. c4 e6 3. Nc3 Nf6 4. Bg5 Be7 5. e3 c6 6. cxd5 exd5 7. Qc2 Bg4 8. Bd3
Nbd7 9. h3 Bh5 10. Nge2 Bxe2 11. Bxe2 O-O 12. Bd3 h6 13. Bf4 Re8 14. O-O-O Nf8
15. g4 g5 16. Be5 Bd6 17. f4 gxf4 18. exf4 Bxe5 19. dxe5 N6d7 20. g5 h5 21. Qe2 1-0

[Event "Xtracon Chess Open 2019"]
[Site "Helsingor DEN"]
[Date "2019.07.23"]
[Round "5.122"]
[White "Sjol, Henrik"]
[Black "Kleimark, Anders"]
[Result "0-1"]
[WhiteElo "1755"]
[BlackElo "2032"]
[WhiteFideId "1505629"]
[BlackFideId "1709968"]
[EventDate "2019.07.20"]

1. d4 Nf6 2. Bf4 c5 3. e3 Qb6 4. Nc3 d6 5. Bb5+ Bd7 6. dxc5 Qxc5 7. Bxd7+ Nbxd7
8. Nf3 g6 9. O-O Bg7 10. Re1 O-O 11. e4 Nh5 12. Be3 Qa5 13. Nd5 Rfe8 14. Bd4
Rac8 15. Bxg7 Nxg7 16. Re3 Qa4 17. Rc3 Rxc3 18. Nxc3 Qb4 19. Rb1 Ne6 20. a3 Qc4
21. Nd2 Qc6 22. Nb3 Nf6 23. Nd4 Qc4 24. Nxe6 fxe6 25. f3 Qc5+ 26. Kh1 Rc8 27.
Qe2 Nd7 28. Rd1 Ne5 29. f4 Nc4 30. Rd3 Nxb2 31. Rh3 Qxa3 32. g3 Qxc3 0-1

[Event "Xtracon Chess Open 2019"]
[Site "Helsingor DEN"]
[Date "2019.07.23"]
[Round "5.123"]
[White "Skjoldager, Flemming"]
[Black "Skjolingstad, Sverre"]
[Result "1-0"]
[WhiteElo "1972"]
[BlackElo "1754"]
[WhiteFideId "1406515"]
[BlackFideId "1519913"]
[EventDate "2019.07.20"]

1. Nf3 c5 2. e3 Nf6 3. b3 g6 4. Bb2 Bg7 5. c4 O-O 6. Be2 b6 7. O-O Bb7 8. d4 Ne4
9. Nc3 d5 10. Nxd5 Bxd5 11. cxd5 Qxd5 12. Nd2 Nxd2 13. Qxd2 Nc6 14. Bf3 Qd7 15.
Rfd1 Rfd8 16. Qc1 Qc7 17. b4 Rab8 18. b5 Nb4 19. a3 Nd5 20. dxc5 Bxb2 21. Qxb2
Qxc5 22. Rac1 Nxe3 23. Rxd8+ Rxd8 24. Rxc5 1-0

[Event "Xtracon Chess Open 2019"]
[Site "Helsingor DEN"]
[Date "2019.07.23"]
[Round "5.124"]
[White "Tandrup, Michael"]
[Black "Wahlgreen, Noah"]
[Result "0-1"]
[WhiteElo "1962"]
[BlackElo "1743"]
[WhiteFideId "1408356"]
[BlackFideId "1457349"]
[EventDate "2019.07.20"]

1. Nf3 Nf6 2. b3 g6 3. Bb2 Bg7 4. e3 O-O 5. Be2 c5 6. O-O d5 7. c4 e6 8. d4 cxd4
9. Nxd4 Re8 10. Nd2 dxc4 11. Nxc4 a6 12. Bf3 e5 13. Nc2 Qxd1 14. Raxd1 Bf5 15.
N2a3 e4 16. Be2 Bg4 17. Bxg4 Nxg4 18. Bxg7 Kxg7 19. Nb6 Ra7 20. Nac4 a5 21. Rd6
Nc6 22. h3 Nge5 23. Nxe5 Rxe5 24. Rc1 Rb5 25. Na4 Nb4 26. Rc7 Rd5 27. Rxd5 Nxd5
28. Rd7 Nb4 29. Nc3 Kg8 30. a3 Nc2 31. Nb5 Ra8 32. Rxb7 Rd8 33. Rc7 Rd2 34. Ra7
Rd3 35. Nd4 Nxd4 36. exd4 Rxb3 37. Rxa5 Rb1+ 38. Kh2 Rb2 39. Kg3 Rb3+ 40. Kf4 f5
41. Ra7 Rb2 42. Kg3 Rb3+ 43. Kh2 Rb2 44. d5 Rxf2 45. d6 Rd2 46. d7 Kf8 47. a4
Ke7 48. d8=Q+ Kxd8 49. Rxh7 Rd6 50. h4 e3 51. Rh8+ Ke7 52. Rh7+ Kf6 53. g4 e2
54. g5+ Ke5 0-1

[Event "Xtracon Chess Open 2019"]
[Site "Helsingor DEN"]
[Date "2019.07.23"]
[Round "5.125"]
[White "Christensen, Jacob Foged"]
[Black "Gregersen, Hedin"]
[Result "0-1"]
[WhiteElo "1937"]
[BlackElo "1728"]
[WhiteFideId "1439073"]
[BlackFideId "7200226"]
[EventDate "2019.07.20"]

1. d4 d6 2. Nf3 Nf6 3. c4 g6 4. Nc3 Bg7 5. g3 O-O 6. Bg2 c5 7. d5 e6 8. dxe6
fxe6 9. e4 Qc7 10. O-O Bd7 11. Qd3 Bc6 12. Rd1 Ne8 13. Ng5 Qe7 14. Bh3 e5 15.
Ne6 Bd7 16. Nd5 Qf7 17. Nxf8 Bxh3 18. Nxg6 hxg6 19. f4 Nc6 20. f5 gxf5 21. exf5
Qxf5 22. Qxf5 Bxf5 23. Be3 Be6 24. Nc3 Bxc4 25. Ne4 Nd4 26. Bxd4 cxd4 27. Rac1
Bxa2 0-1

[Event "Xtracon Chess Open 2019"]
[Site "Helsingor DEN"]
[Date "2019.07.23"]
[Round "5.126"]
[White "Hyldkrog, Lars"]
[Black "Christiansen, Torsten Sundgaar"]
[Result "0-1"]
[WhiteTitle "CM"]
[WhiteElo "1932"]
[BlackElo "1742"]
[WhiteFideId "1402781"]
[BlackFideId "1419714"]
[EventDate "2019.07.20"]

1. e4 g6 2. d4 Nf6 3. e5 Nh5 4. g4 Ng7 5. h3 h5 6. Bg2 d6 7. exd6 Qxd6 8. Nc3
hxg4 9. h4 Nc6 10. Nge2 Nf5 11. Bf4 e5 12. Bxc6+ Qxc6 13. d5 Qd6 14. Bg3 Nxg3
15. Nxg3 f5 16. Qe2 Bd7 17. O-O-O O-O-O 18. Kb1 Bg7 19. h5 e4 20. hxg6 Qxg6 21.
Rxh8 Rxh8 22. Qe3 Kb8 23. Nce2 Qf6 24. c3 Rh3 25. Qc5 b6 26. Qc4 Qd6 27. Nd4
Bxd4 28. Qxd4 e3 29. Ne2 exf2 30. Qxf2 Rh2 31. Qe3 g3 32. Nf4 Rf2 33. Rd4 Qh6
34. Ng2 Qxe3 35. Nxe3 g2 36. Rd1 f4 37. Nxg2 Rxg2 38. Rf1 Bf5+ 39. Kc1 Rc2+ 40.
Kd1 Rxb2 41. Rxf4 Bd3 42. Rd4 Bg6 43. a4 Kb7 44. d6 cxd6 45. Rxd6 Bh5+ 46. Ke1
Rc2 47. Rd3 Kc6 48. Rh3 Bg4 49. Rg3 Bf5 50. Rf3 Be4 51. Rf7 a5 52. Re7 Bd5 53.
Re3 Kc5 54. Kd1 Bb3 55. Re5+ Kd6 56. Rb5 Bxa4 57. Rxb6+ Kc5 58. Ra6 Rxc3+ 59.
Kd2 Rc2+ 60. Kd3 Kb5 61. Ra8 Rc6 62. Rb8+ Kc5 63. Ra8 Bb5+ 64. Kc3 a4 65. Kb2
Kb4 66. Ra7 Rf6 67. Rh7 Rf2+ 68. Ka1 Kc4 69. Rc7+ Kd4 70. Rb7 Bc4 71. Rb4 Kc3
72. Rb8 a3 73. Rb1 Ra2# 0-1

[Event "Xtracon Chess Open 2019"]
[Site "Helsingor DEN"]
[Date "2019.07.23"]
[Round "5.127"]
[White "Bohlin, Jan"]
[Black "Mehringer, Joerg"]
[Result "0-1"]
[WhiteElo "1724"]
[BlackElo "1923"]
[WhiteFideId "1758616"]
[BlackFideId "12915351"]
[EventDate "2019.07.20"]

1. c4 Nf6 2. Nc3 g6 3. e4 d6 4. d4 Bg7 5. f3 O-O 6. Bg5 Na6 7. Qd2 c5 8. d5 Re8
9. Nge2 Nc7 10. Ng3 a6 11. Be2 Rb8 12. a4 Bd7 13. a5 b5 14. axb6 Rxb6 15. O-O
Qb8 16. Ra2 e6 17. Qf4 Qd8 18. Na4 Bxa4 19. Rxa4 Rxb2 20. Qh4 Rf8 21. e5 dxe5
22. Ne4 Nce8 23. Bd3 exd5 24. Nxc5 Qb6 25. Be3 Nc7 26. cxd5 Nfxd5 27. Bf2 Bf6
28. Qc4 Qd6 29. Ne4 Qd8 30. Nxf6+ Qxf6 31. Be4 Nb6 32. Qxc7 Nxa4 33. Qa5 Nb6 34.
Qxa6 Nd7 35. Qa3 Rfb8 36. Rd1 Nf8 37. h3 Ne6 38. Qd6 Rd8 0-1

[Event "Xtracon Chess Open 2019"]
[Site "Helsingor DEN"]
[Date "2019.07.23"]
[Round "5.128"]
[White "Rygg, Andreas Gangstad"]
[Black "Strachan, Christian C."]
[Result "1/2-1/2"]
[WhiteElo "1923"]
[BlackElo "1727"]
[WhiteFideId "1527754"]
[BlackFideId "1417215"]
[EventDate "2019.07.20"]

1. e4 e6 2. d4 d5 3. Nc3 dxe4 4. Nxe4 Nd7 5. Nf3 Ngf6 6. Ng3 c5 7. c3 Be7 8. Bd3
b6 9. Qe2 Bb7 10. O-O O-O 11. Rd1 Qc7 12. Be3 Bd6 13. Rd2 Rad8 14. Rad1 Rfe8 15.
Bb5 Bc6 16. Bxc6 Qxc6 17. Ne5 Qc7 18. Nc4 Be7 19. Na3 Nd5 20. Nb5 Qb8 21. dxc5
Nxe3 22. Qxe3 Nxc5 23. Nd4 Qc7 24. Ne4 Nxe4 25. Qxe4 Bf6 26. h3 Bxd4 27. Rxd4 h6
28. c4 a5 29. a3 Rc8 30. Rd7 Qxc4 31. Qxc4 Rxc4 32. Rb7 Rc6 33. Rdd7 Rf8 34. b4
axb4 35. axb4 e5 36. Re7 Rf6 37. Rxe5 Rc8 38. Re2 Rc1+ 39. Kh2 Rc4 40. Rb2 Rcc6
41. b5 Rc5 42. g4 g5 43. Kg3 Kg7 44. Rd7 Rc3+ 45. Kg2 Rc5 46. Rdd2 Re6 47. Kg3
Ree5 48. Rd6 Rxb5 49. Rxb6 Rxb2 50. Rxb2 1/2-1/2

[Event "Xtracon Chess Open 2019"]
[Site "Helsingor DEN"]
[Date "2019.07.23"]
[Round "5.129"]
[White "Baliuniene, Margarita"]
[Black "Jarlskov, Daniel Tuk Hartso"]
[Result "0-1"]
[WhiteElo "1917"]
[BlackElo "1716"]
[WhiteFideId "12802760"]
[BlackFideId "1463896"]
[EventDate "2019.07.20"]

1. d4 d5 2. c4 e6 3. Nc3 Nf6 4. e3 b6 5. Nf3 Bb7 6. cxd5 exd5 7. Bd3 Bd6 8. O-O
O-O 9. Qc2 c5 10. b3 Nc6 11. Ba3 c4 12. bxc4 dxc4 13. Bxd6 cxd3 14. Qxd3 Qxd6
15. e4 Rfe8 16. Rfe1 Qd7 17. Rad1 Rac8 18. e5 Nd5 19. Ne4 Re6 20. Nd6 Rf8 21.
Ng5 Rg6 22. Ndxf7 Nd8 23. e6 Qe7 24. Nxh7 Nf4 25. Qf5 Rxg2+ 26. Kf1 Ba6+ 27. Re2
Bxe2+ 28. Ke1 Qb4+ 0-1

[Event "Xtracon Chess Open 2019"]
[Site "Helsingor DEN"]
[Date "2019.07.23"]
[Round "5.130"]
[White "Linjord, David Jess"]
[Black "Rosell, Sven"]
[Result "0-1"]
[WhiteElo "1701"]
[BlackElo "1913"]
[WhiteFideId "1527690"]
[BlackFideId "1707760"]
[EventDate "2019.07.20"]

1. e4 c6 2. d4 d5 3. Nc3 dxe4 4. Nxe4 Nf6 5. Nxf6+ gxf6 6. Nf3 Bf5 7. Bd3 Nd7 8.
Bf4 Bxd3 9. Qxd3 e6 10. O-O-O Nb6 11. c3 Nd5 12. Bg3 Qa5 13. Kb1 O-O-O 14. Nd2
h5 15. h4 Nb6 16. Nc4 Nxc4 17. Qxc4 Rd5 18. Rhe1 Qb6 19. Re2 Be7 20. Qd3 c5 21.
Qf3 c4 22. Qf4 Kd7 23. Qe4 a5 24. Qc2 Qc6 25. Kc1 b5 26. Kd2 Rf5 27. Qe4 Qxe4
28. Rxe4 Rg8 29. Ke2 Kc6 30. b3 Bd6 31. Bxd6 Kxd6 32. g3 Kd5 33. Re3 Kc6 34. Rb1
Rd8 35. f4 Rfd5 36. Kf3 cxb3 37. Rxb3 Kd7 38. a3 Rc8 39. Ke2 Kc6 40. Kf3 Rg8 41.
Rb2 Kd7 42. Ke4 Rc8 43. Kf3 Rc4 44. Ke4 Ra4 45. Rb3 Rc4 46. Rb2 Rc8 47. Rb1 Kc6
48. Kf3 Kc7 49. Ke4 Rcd8 50. Rb2 Kc6 51. Rb1 Rg8 52. Rb2 Rg4 53. Kf3 Rg7 54. Ke4
Rd8 55. Rb1 Rdg8 56. Rg1 Rg4 57. Kf3 Rxh4 58. a4 Rh2 59. Re2 Rxe2 60. Kxe2 bxa4
61. c4 a3 62. Kd2 a2 63. Kc2 Rxg3 64. Ra1 h4 0-1

[Event "Xtracon Chess Open 2019"]
[Site "Helsingor DEN"]
[Date "2019.07.23"]
[Round "5.131"]
[White "Nielsen, Peter"]
[Black "Ben Porat, Zeev"]
[Result "0-1"]
[WhiteElo "1686"]
[BlackElo "1888"]
[WhiteFideId "1707485"]
[BlackFideId "2801051"]
[EventDate "2019.07.20"]

1. d4 e6 2. c4 f5 3. g3 Nf6 4. Nc3 Be7 5. Bg2 O-O 6. Nf3 d6 7. O-O Qe8 8. b3 a5
9. Re1 Qg6 10. Qc2 Ne4 11. Nxe4 fxe4 12. Nd2 e3 13. Be4 exf2+ 14. Kg2 fxe1=N+ 0-1

[Event "Xtracon Chess Open 2019"]
[Site "Helsingor DEN"]
[Date "2019.07.23"]
[Round "5.132"]
[White "Jacobsen, Heidrikur T."]
[Black "Gottschalck, Christian"]
[Result "1-0"]
[WhiteElo "1885"]
[BlackElo "1684"]
[WhiteFideId "7200340"]
[BlackFideId "1428357"]
[EventDate "2019.07.20"]

1. d4 d5 2. c4 Nc6 3. cxd5 Qxd5 4. e3 e5 5. Nc3 Bb4 6. a3 Bxc3+ 7. bxc3 exd4 8.
cxd4 Nf6 9. Nf3 O-O 10. Be2 Re8 11. O-O b6 12. Bb2 Bb7 13. Qc2 Na5 14. Rac1 Rac8
15. Rfd1 Ne4 16. Bc4 Nxc4 17. Qxc4 Qxc4 18. Rxc4 Bd5 19. Rcc1 Re6 20. Ne5 f6 21.
Nf3 c6 22. Ne1 Rce8 23. Nd3 Bb3 24. Re1 a5 25. f3 Nd2 26. e4 Nc4 27. Rc3 a4 28.
Re2 Rd8 29. Nc1 Nxb2 30. Rxb2 Rxd4 31. Nxb3 axb3 32. Rcxb3 b5 33. Rc3 Ra4 34.
Rd2 Ra6 35. Rd7 Kf8 36. Rc7 Rd6 37. Kf2 Rd2+ 38. Kg3 Ra2 39. Rd3 Ra8 40. Rdd7
R2xa3 41. Rf7+ Ke8 42. Rxg7 b4 43. Rg8# 1-0

[Event "Xtracon Chess Open 2019"]
[Site "Helsingor DEN"]
[Date "2019.07.23"]
[Round "5.133"]
[White "Gaure, Sigurd Lauvas"]
[Black "Jorgensen, Alexander Torp"]
[Result "1/2-1/2"]
[WhiteElo "1657"]
[BlackElo "1863"]
[WhiteFideId "1524933"]
[BlackFideId "1434187"]
[EventDate "2019.07.20"]

1. e4 c6 2. d4 d5 3. e5 Bf5 4. c4 dxc4 5. Bxc4 e6 6. Nc3 Bb4 7. Nf3 Be4 8. Be3
Ne7 9. O-O Bg6 10. Ne2 Nf5 11. Nf4 Nd7 12. a3 Ba5 13. b4 Bc7 14. Re1 Nb6 15. Bb3
Ne7 16. Bc2 Ned5 17. Nxd5 Nxd5 18. Rc1 Bb6 19. Bb3 Nc7 20. h3 O-O 21. Qd2 a5 22.
Qb2 axb4 23. axb4 Nd5 24. Bd2 Qd7 25. Bc4 Bd8 26. b5 Be7 27. bxc6 bxc6 28. Bxd5
Qxd5 29. Qb7 Ba3 30. Rc3 Be4 31. Ree3 Bxf3 32. Rxf3 Qxd4 33. Rxf7 Rxf7 34. Qxa8+
Bf8 35. Qa2 Qxf2+ 36. Kh2 Bb4 37. Rc2 Bc5 38. Rc1 Be3 39. Qa8+ Rf8 40. Bxe3 Qxe3
41. Qxc6 Qxe5+ 42. Kg1 Qe3+ 43. Kh2 h5 44. Rc4 Rf1 45. Qe8+ Rf8 46. Qc6 Qe5+ 47.
Kg1 Rb8 48. Qe4 Qxe4 49. Rxe4 Kf7 50. Kf2 Rb3 51. Rf4+ Ke7 52. Ra4 g5 53. h4
Rb2+ 54. Kg3 Rb3+ 55. Kf2 Kf6 56. hxg5+ Kxg5 57. Ra5+ Kg4 58. Re5 Rb2+ 59. Kf1
Rb6 60. Re4+ Kg3 61. Re3+ Kf4 62. Rf3+ Ke4 63. Rh3 Rb5 64. Rh4+ Ke3 65. Rh3+ Kd2
66. Rh4 Rf5+ 67. Kg1 e5 68. Re4 Kd3 69. Ra4 e4 70. Ra3+ Ke2 71. Ra2+ Kd3 72.
Ra3+ Kd4 73. Ra4+ Ke5 74. Ra3 h4 75. Rh3 Rf4 76. Ra3 Kf5 77. Ra5+ Kg4 78. Ra8 e3
79. Re8 h3 80. Rxe3 hxg2 81. Kxg2 1/2-1/2

[Event "Xtracon Chess Open 2019"]
[Site "Helsingor DEN"]
[Date "2019.07.23"]
[Round "5.134"]
[White "Madsen, Svend"]
[Black "Lodahl, Holger Ronnow"]
[Result "0-1"]
[WhiteElo "1655"]
[BlackElo "1859"]
[WhiteFideId "1419846"]
[BlackFideId "1427342"]
[EventDate "2019.07.20"]

1. b3 Nf6 2. Bb2 g6 3. e3 Bg7 4. Be2 c5 5. f4 d6 6. Nf3 O-O 7. O-O Nc6 8. Qe1 d5
9. d3 d4 10. e4 Ng4 11. Na3 Ne3 12. Rf2 b5 13. Bd1 a6 14. Rb1 e5 15. Nxe5 Nxe5
16. fxe5 Bxe5 17. Bf3 Qd6 18. g3 Bh3 19. Qe2 Rae8 20. Bc1 f5 21. Bd2 fxe4 22.
dxe4 Bxg3 23. hxg3 Qxg3+ 24. Kh1 Ng4 25. Rff1 Bxf1 26. Rxf1 Ne5 27. Be1 Qh3+ 0-1

[Event "Xtracon Chess Open 2019"]
[Site "Helsingor DEN"]
[Date "2019.07.23"]
[Round "5.135"]
[White "Berg, Margar M."]
[Black "Olsen, Karsten Kierkegaard"]
[Result "1-0"]
[WhiteElo "1857"]
[BlackElo "1670"]
[WhiteFideId "7200021"]
[BlackFideId "1416944"]
[EventDate "2019.07.20"]

1. d4 e6 2. c4 Nf6 3. Nc3 Bb4 4. a3 Bxc3+ 5. bxc3 d5 6. Nf3 O-O 7. Bg5 Nbd7 8.
e3 c6 9. Bd3 Qa5 10. Qc2 dxc4 11. Bxc4 Ne4 12. Be7 Re8 13. Bb4 Qf5 14. Bd3 Ndf6
15. Ne5 a5 16. Bd6 Nxd6 17. Bxf5 Nxf5 18. Nc4 Ra6 19. e4 b5 20. Nd2 Ne7 21. O-O
Bb7 22. Nb3 Raa8 23. Nc5 Bc8 24. f4 Ng4 25. Rf3 h5 26. h3 Nh6 27. Kh2 f5 28. Re1
fxe4 29. Qxe4 Nd5 30. Qg6 Rf8 31. Nxe6 Bxe6 32. Qxe6+ Kh8 33. Qxc6 Rad8 34. Qxb5
Rf5 35. Qxa5 Rdf8 36. Re5 Nxf4 37. Rxf5 Rxf5 38. Qa8+ Kh7 39. Qe4 g5 40. d5 Kg7
41. Qe7+ Nf7 42. c4 g4 43. Rxf4 Rxf4 44. c5 Kg6 45. c6 gxh3 46. gxh3 h4 47. d6
Ng5 48. Kg2 Re4 49. Qxe4+ Nxe4 50. d7 1-0

[Event "Xtracon Chess Open 2019"]
[Site "Helsingor DEN"]
[Date "2019.07.23"]
[Round "5.136"]
[White "Hempler, Poul"]
[Black "Petersen, Jan"]
[Result "1-0"]
[WhiteElo "1856"]
[BlackElo "1660"]
[WhiteFideId "1468464"]
[BlackFideId "1426320"]
[EventDate "2019.07.20"]

1. e4 c5 2. c3 d5 3. exd5 Qxd5 4. d4 cxd4 5. cxd4 Nf6 6. Nc3 Qa5 7. Nf3 e6 8.
Bd2 Bb4 9. Rc1 Bd7 10. a3 Be7 11. Nb5 Qd8 12. Nc7+ Kf8 13. Nxa8 Nc6 14. Be2 Qxa8
15. O-O Ne4 16. Be3 g5 17. Bd3 f5 18. Bxe4 fxe4 19. Nxg5 Bxg5 20. Bxg5 Rg8 21.
Bf4 Qe8 22. Bg3 Qg6 23. Qd2 h5 24. Rfe1 Ke8 25. Qf4 Ne7 26. Qxe4 Bc6 27. Qxe6
Qxe6 28. Rxe6 h4 29. Rcxc6 bxc6 30. Bxh4 Rg7 31. Rxe7+ Rxe7 32. Bxe7 Kxe7 33. f4 1-0

[Event "Xtracon Chess Open 2019"]
[Site "Helsingor DEN"]
[Date "2019.07.23"]
[Round "5.137"]
[White "Larsen, Preben R."]
[Black "Warston, Hakan"]
[Result "1-0"]
[WhiteElo "1844"]
[BlackElo "1656"]
[WhiteFideId "1425790"]
[BlackFideId "1717367"]
[EventDate "2019.07.20"]

1. e4 e6 2. d4 d5 3. Nc3 Nf6 4. Bg5 Be7 5. e5 Nfd7 6. h4 O-O 7. Bd3 f5 8. f4 c5
9. Nf3 Nc6 10. dxc5 Nxc5 11. Bf1 a6 12. Nd4 Bxg5 13. hxg5 g6 14. Nxc6 bxc6 15.
Qd4 Qe7 16. Bd3 Nxd3+ 17. Qxd3 Qb4 18. O-O a5 19. Rf2 Ba6 20. Qh3 d4 21. Nd1 c5
22. c3 Qb6 23. cxd4 cxd4 24. Qb3 Qc6 25. Rc2 Qd7 26. Rac1 Rfc8 27. Nf2 Kf7 28.
g3 Rxc2 29. Rxc2 Rc8 30. Rxc8 Qxc8 31. Qb6 a4 32. Qxd4 Qc6 33. Qd6 Qxd6 34. exd6
Ke8 35. Nd1 Bb5 36. Kf2 Kd7 37. Ke3 Kxd6 38. Kd4 Bd7 39. Ne3 Bc6 40. Nc4+ Kc7
41. Kc5 Bd5 42. a3 Kb7 43. Nd6+ Ka6 44. Ne8 Kb7 45. Nf6 Bc6 46. Nxh7 Kc7 47. Nf8
Be8 48. Nxe6+ Kd7 49. Nd4 Kc7 50. Nb5+ Kd7 51. Kb4 Kc6 52. Nc3 Kb6 53. Nxa4+
Bxa4 54. Kxa4 1-0

[Event "Xtracon Chess Open 2019"]
[Site "Helsingor DEN"]
[Date "2019.07.23"]
[Round "5.138"]
[White "Yilmaz, Kazim"]
[Black "Lye, Sverre"]
[Result "1/2-1/2"]
[WhiteElo "1647"]
[BlackElo "1839"]
[WhiteFideId "1514326"]
[BlackFideId "1539353"]
[EventDate "2019.07.20"]

1. e4 c5 2. Nf3 d6 3. d4 cxd4 4. Nxd4 Nf6 5. Nc3 e5 6. Nb3 Nc6 7. Be2 Be7 8. O-O
O-O 9. f4 Re8 10. fxe5 dxe5 11. Qxd8 Rxd8 12. Bg5 Be6 13. Rfd1 Nb4 14. Bxf6 gxf6
15. Bd3 Bg4 16. Be2 Be6 17. Bd3 Rd7 18. h3 Rad8 19. Nc1 Bc4 20. a3 Bc5+ 21. Kh1
Nxd3 22. Nxd3 Bxd3 23. Rxd3 Rxd3 24. cxd3 Rxd3 25. Rd1 Rxd1+ 26. Nxd1 Kg7 27. g4
Kg6 28. Kg2 Bd4 29. Kg3 h5 30. Kh4 hxg4 31. Kxg4 a5 32. a4 Kh6 33. Kf5 Kh5 34.
Kxf6 Kh4 35. Kxf7 Kxh3 36. Ke6 Kg4 37. Kd5 Kf3 38. Nc3 Ke3 39. Nb5 Bxb2 40. Nd6
Kd3 41. Nxb7 Bc3 42. Nxa5 1/2-1/2

[Event "Xtracon Chess Open 2019"]
[Site "Helsingor DEN"]
[Date "2019.07.23"]
[Round "5.139"]
[White "Vehl, Tina"]
[Black "Mielow, Bjarne"]
[Result "1-0"]
[WhiteElo "1823"]
[BlackElo "1638"]
[WhiteFideId "1418262"]
[BlackFideId "1415484"]
[EventDate "2019.07.20"]

1. d4 Nf6 2. c4 g6 3. Nc3 d6 4. e4 Bg7 5. Nf3 c6 6. Be2 O-O 7. O-O a6 8. a4 Qc7
9. h3 Nbd7 10. Bg5 e6 11. Qd2 Re8 12. Rfe1 e5 13. Bd1 exd4 14. Nxd4 Ne5 15. Be2
Ned7 16. f3 Nc5 17. Be3 Nh5 18. Bd1 Bd7 19. b4 Ne6 20. Nde2 Rad8 21. a5 Bc8 22.
Bb6 Qe7 23. Bxd8 Rxd8 24. Ra3 d5 25. cxd5 Qxb4 26. Ra4 Qc5+ 27. Kf1 cxd5 28.
Nxd5 Be5 29. Qb4 Rxd5 30. exd5 Bc3 31. Qxc5 Nxc5 32. Nxc3 1-0